00409nam a2200121Ia 4500008004100000020002200041082001200063100001800075245004300093942002800136999001700164952010600181220713s9999 xx 000 0 und d a978-0-141-34680-9 aEJF RIO aRiordan, Rick 0a Percy Jackson and the lightning thief cBKy561zJohn Tresidder c55985d55984 00104070aGERALbGERALd2022-07-13g120.00l0p3 390900052673 4r2022-07-13w2022-07-13yBKz262/18